书目信息 |
| 题名: |
大地的儿子
|
|
| 作者: | 苏叔阳 编 | |
| 分册: | ||
| 出版信息: | 北京 中国少年儿童出版社 1996 |
|
| 页数: | 246页 | |
| 开本: | 20cm | |
| 丛书名: | 共和国领袖故事丛书 | |
| 单 册: | ||
| 中图分类: | I287.51 , I247.8 | |
| 科图分类: | ||
| 主题词: | 儿童文学-革命故事--中国--现代--选集 , 革命故事-儿童文学--中国--现代--选集 , 小说--中国 | |
| 电子资源: | ||
| ISBN: | 7-5007-3211-2 | |
| 000 | 00828nam2 2200277 45 | |
| 001 | 1570072833 | |
| 005 | 20150128124634.51 | |
| 010 | @a7-5007-3211-2@b精装@dCNY1.20 | |
| 100 | @a19971021d1996 am y0chiy0121 ea | |
| 101 | 0 | @achi |
| 102 | @aCN@b110000 | |
| 105 | @af z 000fd | |
| 200 | 10 | @a大地的儿子@Ada di de er zi@e周恩来的故事@f苏叔阳[编] |
| 210 | @a北京@c中国少年儿童出版社@d1996 | |
| 215 | @a246页@c照片及插图@d20cm | |
| 225 | 2 | @a共和国领袖故事丛书 |
| 410 | 0 | @120010@a共和国领袖故事丛书 |
| 517 | 1 | @a周恩来的故事@Azhou en lai de gu shi |
| 606 | @a儿童文学-革命故事@y中国@z现代@x选集 | |
| 606 | @a革命故事-儿童文学@y中国@z现代@x选集 | |
| 606 | 0 | @a小说@x中国 |
| 690 | @aI287.51@v3 | |
| 690 | @aI247.8@v4 | |
| 701 | 0 | @a苏叔阳@Asu shu yang@4编 |
| 801 | 0 | @aCN@bTSSF@c20150128 |
| 905 | @aZUCC@dI247.8@eJY76 | |
| 大地的儿子:周恩来的故事/苏叔阳[编].-北京:中国少年儿童出版社,1996 |
| 246页:照片及插图;20cm.-(共和国领袖故事丛书) |
| ISBN 7-5007-3211-2(精装):CNY1.20 |
| ● |
| 相关链接 |
|
|
|
|
正题名:大地的儿子
索取号:I247.8/JY76
 
预约/预借
| 序号 | 登录号 | 条形码 | 馆藏地/架位号 | 状态 | 备注 |
| 1 | 7842897 | 278428970 | 学院路分馆/ [索取号:I247.8/JY76] | 在馆 | |
| 2 | 7842900 | 278429005 | 学院路分馆/ [索取号:I247.8/JY76] | 在馆 | |
| 3 | 7842901 | 278429014 | 学院路分馆/ [索取号:I247.8/JY76] | 在馆 | |
| 4 | 7842902 | 278429023 | 学院路分馆/ [索取号:I247.8/JY76] | 在馆 |